| 000 | 01067nam a22002297a 4500 | ||
|---|---|---|---|
| 005 | 20141007110641.0 | ||
| 010 | _aENG-110993 | ||
| 020 |
_a9789380607764 _c995.00 |
||
| 035 | _aEN-94525 | ||
| 037 | _bDBAD/PUB | ||
| 082 | _a364.1095409034 | ||
| 100 | _aWagner, Kim A. | ||
| 245 |
_aThuggee : _cby Kim A. Wagner _bbanditry and the British in early nineteenth-century India / |
||
| 260 |
_aNew Delhi _bPrimus Books _c2014 |
||
| 270 |
_aVirat Bhavan, Mukherjee Nagar Commercial Complex _bNew Delhi _e110009 |
||
| 300 |
_axxvi;261p. : _c24cm(Hb) _bill. |
||
| 500 | _a Based on the author’s dissertation (Ph. D.--University of Cambridge, 2003) entitled: Thuggee and the construction of crime in early 19th century India. | ||
| 500 | _aIncludes bibliographical references and index | ||
| 650 |
_a Thugs (Indic criminal group) _z India _zSindouse Region _xHistory _xHistoriography. _y19th century |
||
| 650 |
_a Thugs (Indic criminal group) _zIndia _zSindouse Region _xHistory _xHistoriography. _y19th century |
||
| 942 |
_2ddc _cEN _mWAG _h364.1095409034 |
||
| 999 |
_c89057 _d89057 |
||